000 01384cam a22003617a 4500
001 4718124
003 LIBRIS
005 20241030084057.0
008 011211s1970 xxu|||||||||||000 0|eng|c
020 _a0226452387
_qhft.
020 _a0226452379
_qinb.
040 _aG*
_ea
_cDLC
041 _aeng
080 _a008
_bK-81
082 0 4 _a935
_222 (machine generated)
084 _aJoai
_2kssb/6
084 _aJoai
_2kssb/6
100 1 _aKramer, Samuel Noah,
_d1897-1990
_0https://libris.kb.se/hftx33312gcmgj1#it
245 0 4 _aThe Sumerians :
_btheir history, culture and character /
_cSamuel Noah Kramer.
260 _aChicago :
_bThe University of Chicago P.,
_c1970
300 _a355 s.
_bill.
500 _5Gx
_a8. tr., 1982
650 0 _9410
_aHistory of civilizations
653 _aცივილიზაცია
887 _a{"@id":"gzrj8j4s28dlchn","modified":"2009-08-13T17:21:21+02:00","checksum":"34203067447"}
_2librisxl
887 _a{"@id":"z38vn3544v4cqts","modified":"2018-06-05T17:33:44.624+02:00","checksum":"38605957078"}
_2librisxl
887 _a{"@id":"049wp4653rnmj6n","modified":"2018-02-17T13:21:18+01:00","checksum":"30037165023"}
_2librisxl
942 _2udc
_cBK
999 _c495
_d495